| 000 | 00802nam a2200253Ia 4500 | ||
|---|---|---|---|
| 003 | OSt | ||
| 005 | 20220926010301.0 | ||
| 006 | a|||||r|||| 00| 0 | ||
| 007 | ta | ||
| 008 | 220923b |||||||| |||| 00| 0 eng d | ||
| 020 | _cRs. 150.00 | ||
| 037 |
_b139, 23/09/1985, VERMA _cGeneral Book |
||
| 040 |
_aRTL _cRTL _beng |
||
| 041 |
_2eng _aeng |
||
| 082 | _aX93:9.2.N8, M5 | ||
| 100 |
_aRavishankar S. Ed. _9130371 |
||
| 245 | 0 | _aManagement of human resources in public enterprise | |
| 260 |
_a New Delhi _bVision Books India _c1985 |
||
| 300 |
_avi, 304p. _ccm. |
||
| 650 | _aPublic Sector Economics | ||
| 700 |
_a Mishra R. K. Ed. _981445 |
||
| 942 |
_hX93:9.2.N8, M5 _cGB _2CC |
||
| 999 |
_c616878 _d616878 |
||